| 000 | 00453nam a22001577a 4500 | ||
|---|---|---|---|
| 008 | 220302b |||||||| |||| 00| 0 eng d | ||
| 020 | _a0634045539 | ||
| 050 | _aMT582 .S3 2002 | ||
| 100 | _a Schmid, Will | ||
| 245 |
_aHal Leonard guitar method/ _c Will, Schmid |
||
| 260 |
_aUS: _bMilwaukee, _c2002. |
||
| 300 |
_a47P. : _bill. ; _c40cm |
||
| 500 | _aincludes bibliography. | ||
| 600 | _2Guitar | ||
| 942 |
_2lcc _cBOOKS _hMT582 .S3 2002 |
||
| 999 |
_c31366 _d31366 |
||